Movies Quiz

Random Movies or James Bond Quiz

James Bond: Life or Death Quiz Stats

 Plays Quiz not verified by Sporcle

Challenge
Share
Tweet
Embed
Score 0/5 Timer 01:00
0 Plays Today
% Correct
Live and Let Die
91.8%
Die Another Day
91.3%
You Only Live Twice
74.1%
Tomorrow Never Dies
61.8%
The Living Daylights
60.2%

You're not logged in!

Compare scores with friends on all Sporcle quizzes.
Join for Free
OR
Log In

You Might Also Like...

Show Comments

Extras

Curator's Pick Jul 28, 2014ReportNominate
Tags:James Bond Quiz, bond, death, form, life, live, same

Top Quizzes Today


Score Distribution

Your Account Isn't Verified!

In order to create a playlist on Sporcle, you need to verify the email address you used during registration. Go to your Sporcle Settings to finish the process.

Report this User

Report this user for behavior that violates our Community Guidelines.

Details: